000 00300nam a22001337a 4500
008 180315b xxu||||| |||| 00| 0 eng d
020 _a9780471614432
041 _aeng
080 _a51
100 _a37
101 _aMAT
245 _aPrecalculus a prelude to calculus
_cAxler,Sh
942 _2udc
_cBK
999 _c45098
_d45098